[Event "Roquetas de Mar op 34th"]
[Site "Roquetas de Mar"]
[Date "2023.01.08"]
[Round "9"]
[White "Camacho Collados, Marcos"]
[Black "Castellanos Gomez, Alejandro"]
[Result "1-0"]
[WhiteElo "2476"]
[BlackElo "2290"]
[PlyCount "73"]
[EventDate "2023.01.03"]
[EventType "swiss"]
[EventRounds "9"]
[EventCountry "ESP"]
[SourceTitle "CBM 212 Extra"]
[Source "ChessBase"]
[SourceDate "2023.03.31"]
[SourceVersion "1"]
[SourceVersionDate "2023.03.31"]
[SourceQuality "1"]

1. e4 e6 2. d3 d5 3. Nd2 Nf6 4. Ngf3 c5 5. g3 Nc6 6. Bg2 Be7 7. 0-0 0-0 8. e5 Nd7 9. Re1 b5 10. Nf1 a5 11. h4 Ba6 12. N1h2 a4 13. h5 a3 14. b3 c4 15. h6 g6 16. bxc4 bxc4 17. d4 c3 18. Ng4 Na5 19. Nf6+ Kh8 20. Re3 Rc8 21. Bf1 Bxf1 22. Qxf1 Rc4 23. Rb1 Nc6 24. Rb7 Nxf6 25. exf6 Bxf6 26. Bxa3 Qa8 27. Rb3 Rc8 28. Bc5 Qxa2 29. Qc1 Rxc5 30. dxc5 d4 31. Rexc3 e5 32. Rd3 Qa7 33. Rb6 Qe7 34. Rdb3 Qd8 35. Qe1 Qf8 36. Qe4 Qe8 37. Rxc6 1-0

[Event "Roquetas de Mar op 34th"]
[Site "Roquetas de Mar"]
[Date "2023.01.07"]
[Round "8"]
[White "Vaibhav, Jayant Raut"]
[Black "Camacho Collados, Marcos"]
[Result "1/2-1/2"]
[WhiteElo "2269"]
[BlackElo "2476"]
[PlyCount "81"]
[EventDate "2023.01.03"]
[EventType "swiss"]
[EventRounds "9"]
[EventCountry "ESP"]
[SourceTitle "CBM 212 Extra"]
[Source "ChessBase"]
[SourceDate "2023.03.31"]
[SourceVersion "1"]
[SourceVersionDate "2023.03.31"]
[SourceQuality "1"]

1. c4 e5 2. g3 Nf6 3. Bg2 h6 4. a3 c6 5. Nf3 e4 6. Nd4 d5 7. cxd5 Qxd5 8. e3 c5 9. Nc3 Qe5 10. Nde2 Bf5 11. d4 Qc7 12. dxc5 Bxc5 13. b4 Be7 14. Bb2 Nc6 15. Nd5 Nxd5 16. Qxd5 Bg6 17. Bxg7 Rg8 18. Bb2 Rd8 19. Qc4 Qc8 20. 0-0 Nd4 21. Qxd4 Rxd4 22. Bxd4 Bh5 23. Rac1 Qf5 24. Nf4 Bf3 25. Rc2 Bd6 26. Rfc1 Kd7 27. Rd2 b6 28. Bh3 Bg4 29. Bxg4 Rxg4 30. Bc5 bxc5 31. bxc5 Rg8 32. Rxd6+ Kc8 33. c6 Rd8 34. Rxh6 Qg4 35. Kg2 Qf3+ 36. Kg1 Rd1+ 37. Rxd1 Qxd1+ 38. Kg2 Qf3+ 39. Kg1 Qd1+ 40. Kg2 Qf3+ 41. Kg1 1/2-1/2

[Event "Roquetas de Mar op 34th"]
[Site "Roquetas de Mar"]
[Date "2023.01.06"]
[Round "6"]
[White "Roque Sola, Jose Luis"]
[Black "Camacho Collados, Marcos"]
[Result "0-1"]
[WhiteElo "2217"]
[BlackElo "2476"]
[PlyCount "72"]
[EventDate "2023.01.03"]
[EventType "swiss"]
[EventRounds "9"]
[EventCountry "ESP"]
[SourceTitle "CBM 212 Extra"]
[Source "ChessBase"]
[SourceDate "2023.03.31"]
[SourceVersion "1"]
[SourceVersionDate "2023.03.31"]
[SourceQuality "1"]

1. e4 e5 2. Nf3 Nc6 3. Bb5 a6 4. Ba4 b5 5. Bb3 Na5 6. d4 exd4 7. Qxd4 Bb7 8. 0-0 Ne7 9. Nc3 Ng6 10. Qd3 Be7 11. Bd2 0-0 12. Rfe1 Nxb3 13. axb3 Re8 14. Nd5 Bd6 15. Bc3 Bf8 16. Rad1 c6 17. Ne3 b4 18. Bd2 Nf4 19. Qc4 a5 20. e5 Ng6 21. Nf5 h6 22. h4 Bc8 23. h5 d5 24. exd6 Rxe1+ 25. Bxe1 Bxf5 26. hxg6 Bxg6 27. d7 Qf6 28. Nd4 Be4 29. Nxc6 Bxc6 30. d8Q Rxd8 31. Rxd8 Qxd8 32. Qxc6 Qd4 33. Qc7 Qd5 34. c3 Qd1 35. Kf1 Qd3+ 36. Kg1 Qe2 0-1

[Event "Roquetas de Mar op 34th"]
[Site "Roquetas de Mar"]
[Date "2023.01.04"]
[Round "2"]
[White "Palacios Herrero, Pablo"]
[Black "Camacho Collados, Marcos"]
[Result "1-0"]
[WhiteElo "2198"]
[BlackElo "2476"]
[PlyCount "71"]
[EventDate "2023.01.03"]
[EventType "swiss"]
[EventRounds "9"]
[EventCountry "ESP"]
[SourceTitle "CBM 212 Extra"]
[Source "ChessBase"]
[SourceDate "2023.03.31"]
[SourceVersion "1"]
[SourceVersionDate "2023.03.31"]
[SourceQuality "1"]

1. e4 c5 2. Nf3 Nc6 3. d4 cxd4 4. Nxd4 Nf6 5. Nc3 h5 6. h3 g6 7. Be3 Bg7 8. Qd2 d6 9. 0-0-0 Bd7 10. Bc4 Na5 11. Bd3 Rc8 12. f4 Nc4 13. Bxc4 Rxc4 14. e5 Nh7 15. e6 Bxe6 16. Nxe6 fxe6 17. Qd3 Qc8 18. Qxg6+ Kf8 19. Ne2 Nf6 20. Bd4 Rg8 21. Qd3 Nd5 22. Rd2 b5 23. Kb1 Nb4 24. Qh7 Nxa2 25. Bxg7+ Rxg7 26. Qh8+ Rg8 27. Qh6+ Rg7 28. Nd4 Kf7 29. Re1 Nb4 30. Nxe6 Rg6 31. Qxh5 Rxc2 32. f5 Ke8 33. Qh8+ Kd7 34. Qxc8+ Kxc8 35. Rxc2+ Nxc2 36. fxg6 1-0

[Event "ESP-chT CECLUB Div2"]
[Site "Linares"]
[Date "2022.08.23"]
[Round "2.6"]
[White "Palacios Herrero, Pablo"]
[Black "Camacho Collados, Marcos"]
[Result "0-1"]
[WhiteElo "2218"]
[BlackElo "2472"]
[PlyCount "80"]
[EventDate "2022.08.22"]
[EventType "team-swiss"]
[EventRounds "7"]
[EventCountry "ESP"]
[SourceTitle "CBM 209 Extra"]
[Source "ChessBase"]
[SourceDate "2022.09.30"]
[SourceVersion "1"]
[SourceVersionDate "2022.09.30"]
[SourceQuality "1"]
[WhiteTeam "Palacio de Pioneros"]
[BlackTeam "Nazari Area F5"]
[WhiteTeamCountry "ESP"]
[BlackTeamCountry "ESP"]

1. e4 g6 2. d4 Bg7 3. Nc3 a6 4. Be3 b5 5. Bd3 Bb7 6. Nf3 d6 7. a4 b4 8. Na2 Nf6 9. Nd2 a5 10. c3 0-0 11. cxb4 axb4 12. Nxb4 c5 13. dxc5 dxc5 14. Bxc5 Nfd7 15. Be3 Qa5 16. Nd5 e6 17. b4 Qd8 18. Nf4 Bxa1 19. Qxa1 Nc6 20. Bc4 Qe7 21. 0-0 Nxb4 22. Qa3 Nd5 23. Qxe7 Nxe7 24. Nxe6 Rfc8 25. Ng5 Ne5 26. Bb3 Ba6 27. Ra1 Nc4 28. Nxc4 Bxc4 29. Bd1 Bd3 30. Bf3 h6 31. Nh3 g5 32. Rd1 Bc2 33. Rd7 Rxa4 34. Kf1 Ng6 35. Bd4 Re8 36. Bh5 Bxe4 37. f4 Bf5 38. Rd5 Bd3+ 39. Kf2 Ra2+ 40. Kg3 Be4 0-1

[Event "ESP-chT CECLUB Div2"]
[Site "Linares"]
[Date "2022.08.22"]
[Round "1.6"]
[White "Camacho Collados, Marcos"]
[Black "Cesar Maestre, Bernardo"]
[Result "0-1"]
[WhiteElo "2472"]
[BlackElo "2302"]
[PlyCount "78"]
[EventDate "2022.08.22"]
[EventType "team-swiss"]
[EventRounds "7"]
[EventCountry "ESP"]
[SourceTitle "CBM 209 Extra"]
[Source "ChessBase"]
[SourceDate "2022.09.30"]
[SourceVersion "1"]
[SourceVersionDate "2022.09.30"]
[SourceQuality "1"]
[WhiteTeam "Nazari Area F5"]
[BlackTeam "Reina Brillante"]
[WhiteTeamCountry "ESP"]
[BlackTeamCountry "ESP"]

1. Nf3 d5 2. b3 Bf5 3. e3 e6 4. Be2 h6 5. Bb2 Nf6 6. 0-0 Be7 7. d3 0-0 8. Nbd2 Nbd7 9. Re1 a5 10. Bf1 Bh7 11. a3 c6 12. Qe2 Qc7 13. e4 dxe4 14. dxe4 Bc5 15. h3 Nh5 16. Nd4 Nf4 17. Qf3 Rfd8 18. Rad1 Nf6 19. Nc4 b5 20. e5 N6d5 21. Nd6 b4 22. axb4 axb4 23. Ne4 Bf8 24. Ra1 Ng6 25. Nd2 Nxe5 26. Qe2 Nd7 27. Nxe6 fxe6 28. Qxe6+ Kh8 29. Rxa8 Rxa8 30. Qxh6 N7f6 31. Qh4 Qf4 32. Qxf4 Nxf4 33. g3 N4d5 34. Bd3 Bxd3 35. cxd3 Re8 36. Rc1 c5 37. Kf1 Nd7 38. Nf3 Kg8 39. h4 Ra8 0-1

[Event "Alicante Easter op 6th"]
[Site "Alicante"]
[Date "2022.04.14"]
[Round "3"]
[White "Camacho Collados, Marcos"]
[Black "Rodriguez Ferraz, Borja"]
[Result "1/2-1/2"]
[WhiteElo "2470"]
[BlackElo "2195"]
[PlyCount "127"]
[EventDate "2022.04.13"]
[EventType "swiss"]
[EventRounds "9"]
[EventCountry "ESP"]
[SourceTitle "CBM 207 Extra"]
[Source "ChessBase"]
[SourceDate "2022.05.31"]
[SourceVersion "1"]
[SourceVersionDate "2022.05.31"]
[SourceQuality "1"]

1. Nf3 Nf6 2. g3 e6 3. Bg2 d5 4. 0-0 Bd6 5. d3 h6 6. Nc3 e5 7. e4 d4 8. Ne2 c5 9. c3 Nc6 10. cxd4 cxd4 11. Bd2 Qb6 12. Nh4 g6 13. b4 Bg4 14. f4 Nd7 15. h3 Bxe2 16. Qxe2 a5 17. bxa5 Nxa5 18. Nf3 Nc6 19. h4 Ra3 20. Bc1 Ra5 21. Nd2 Ra4 22. Bh3 exf4 23. gxf4 Be7 24. e5 Nc5 25. Ne4 Nxe4 26. Qxe4 Nb4 27. Bd2 Qa6 28. Bxb4 Rxb4 29. Rac1 0-0 30. Rc7 Bd8 31. Rd7 Qc6 32. Qxc6 bxc6 33. h5 gxh5 34. Kh1 Kh8 35. Rg1 Bh4 36. Bf5 Rb5 37. Be4 Ra5 38. Rg2 Rc5 39. Kh2 Rb5 40. Kh3 Bd8 41. Bxc6 Rc5 42. Be4 Rc7 43. Rxd4 Be7 44. Bf3 Rc1 45. Kh2 Bc5 46. Re4 Rd8 47. e6 Rxd3 48. Be2 Re3 49. Rxe3 Bxe3 50. Kg3 fxe6 51. Kf3 Bd4 52. Ke4 Bg7 53. Bxh5 Rc4+ 54. Kf3 e5 55. fxe5 Bxe5 56. Bg6 Rf4+ 57. Ke3 Ra4 58. Be8 Ra8 59. Bf7 Ra7 60. Bg6 Ra4 61. Bf5 h5 62. Bd3 h4 63. Bf5 Bg3 64. Rc2 1/2-1/2

[Event "ESP-chT Rapid"]
[Site "Ciudad Real"]
[Date "2021.10.10"]
[Round "7.6"]
[White "Camacho Collados, Marcos"]
[Black "Pulido Esteban, Francisco Daniel"]
[Result "1-0"]
[WhiteElo "2446"]
[BlackElo "2143"]
[PlyCount "53"]
[EventDate "2021.10.09"]
[EventType "team-swiss (rapid)"]
[EventRounds "9"]
[EventCountry "ESP"]
[SourceTitle "CBM 204 Extra"]
[Source "ChessBase"]
[SourceDate "2021.11.30"]
[SourceVersion "1"]
[SourceVersionDate "2021.11.30"]
[SourceQuality "1"]
[WhiteTeam "Nazari"]
[BlackTeam "La Zubia"]
[WhiteTeamCountry "ESP"]
[BlackTeamCountry "ESP"]

1. d4 Nf6 2. Nf3 b6 3. Bg5 Bb7 4. Nbd2 d5 5. e3 e6 6. Bd3 Be7 7. Ne5 0-0 8. Bxf6 Bxf6 9. f4 Bxe5 10. fxe5 f5 11. Qe2 c5 12. c3 c4 13. Bc2 b5 14. 0-0 a5 15. Rf4 Bc6 16. g4 g6 17. gxf5 gxf5 18. Kf2 Kh8 19. Rg1 Rg8 20. Rxg8+ Qxg8 21. Qh5 Ra7 22. Rf3 Rg7 23. Rg3 Be8 24. Qh4 Bg6 25. Nf3 Qf8 26. Qh6 b4 27. Rxg6 1-0

[Event "ESP-chT Rapid"]
[Site "Ciudad Real"]
[Date "2021.10.10"]
[Round "9.6"]
[White "Martin Duque, Jesus"]
[Black "Camacho Collados, Marcos"]
[Result "0-1"]
[WhiteElo "2416"]
[BlackElo "2446"]
[PlyCount "94"]
[EventDate "2021.10.09"]
[EventType "team-swiss (rapid)"]
[EventRounds "9"]
[EventCountry "ESP"]
[SourceTitle "CBM 204 Extra"]
[Source "ChessBase"]
[SourceDate "2021.11.30"]
[SourceVersion "1"]
[SourceVersionDate "2021.11.30"]
[SourceQuality "1"]
[WhiteTeam "Collado Villalba"]
[BlackTeam "Nazari"]
[WhiteTeamCountry "ESP"]
[BlackTeamCountry "ESP"]

1. Nf3 Nf6 2. b3 d6 3. d4 g6 4. Bb2 Bg7 5. g3 Bf5 6. Bg2 Qc8 7. Nbd2 Bh3 8. 0-0 Qg4 9. e3 Qh5 10. Bxh3 Qxh3 11. Ng5 Qd7 12. f4 h6 13. Nge4 Nxe4 14. Nxe4 f5 15. Nd2 d5 16. Nf3 0-0 17. c4 e6 18. Rc1 Na6 19. Ba3 Rfd8 20. Qe2 c6 21. h3 Qc7 22. g4 Kh7 23. Kh1 Qa5 24. Be7 Rg8 25. Rg1 Rae8 26. Bd6 c5 27. Qg2 Bh8 28. cxd5 cxd4 29. dxe6 dxe3 30. Ne5 fxg4 31. hxg4 Qb6 32. Nc4 Qc6 33. e7 Qd7 34. Qe4 b5 35. Ne5 Qxd6 36. Rc6 Qxe7 37. Rxg6 Nc5 38. Qf5 Qh4+ 39. Kg2 Qf2+ 40. Kh1 Qh4+ 41. Kg2 Qf2+ 42. Kh1 Rxe5 43. Qf7+ Rg7 44. Rxh6+ Kxh6 45. g5+ Kh7 46. Qh5+ Kg8 47. fxe5 Rh7 0-1